Statistics for Movie Cameos #1

Click here to take the quiz!

General Stats

  • This quiz has been taken 19 times
  • The average score is 3 of 12

Answer Stats

MovieRoleAnswer% Correct
ZombielandHimselfBill Murray
78%
Ghostbusters (2016)Martin HeissBill Murray
78%
21 Jump StreetTom HansonJohnny Depp
61%
She's Having A BabyFerris BuellerMatthew Broderick
61%
The PunisherThe RussianKevin Nash
17%
Jay and Silent Bob Strike BackNunCarrie Fisher
11%
Anchorman 2: The Legend ContinuesScott ReilsJim Carrey
6%
The Darjeeling LimitedJack's Ex-GirlfriendNatalie Portman
6%
Mr. DeedsHimselfAl Sharpton
0%
The PlayerHerselfAnjelica Huston
0%
Blazing SaddlesHimselfCount Basie
0%
Austin Powers in GoldmemberMysterious Disco ManNathan Lane
0%

Score Distribution

Percentile by Number Answered

Percent of People with Each Score

Your Score History

You have not taken this quiz